An introduction to the Malaysian legal system / (Record no. 1808)
[ view plain ]
| 000 -LEADER | |
|---|---|
| fixed length control field | nam a22 a 4500 |
| 003 - CONTROL NUMBER IDENTIFIER | |
| control field | AKMAL |
| 005 - DATE AND TIME OF LATEST TRANSACTION | |
| control field | 20170512093704.0 |
| 008 - FIXED-LENGTH DATA ELEMENTS--GENERAL INFORMATION | |
| fixed length control field | 170512 M 000 eng d |
| 039 #9 - LEVEL OF BIBLIOGRAPHIC CONTROL AND CODING DETAIL [OBSOLETE] | |
| Level of rules in bibliographic description | 201603230922 |
| Level of effort used to assign nonsubject heading access points | maznah |
| 040 ## - CATALOGING SOURCE | |
| Original cataloging agency | AKMAL |
| 082 04 - DEWEY DECIMAL CLASSIFICATION NUMBER | |
| Classification number | 342.05 AUN |
| 090 ## - LOCALLY ASSIGNED LC-TYPE CALL NUMBER (OCLC); LOCAL CALL NUMBER (RLIN) | |
| Classification number (OCLC) (R) ; Classification number, CALL (RLIN) (NR) | 342.05 |
| Local cutter number (OCLC) ; Book number/undivided call number, CALL (RLIN) | AUN |
| 100 1# - MAIN ENTRY--PERSONAL NAME | |
| Personal name | Wu, Min Aun |
| 9 (RLIN) | 3693 |
| 245 13 - TITLE STATEMENT | |
| Title | An introduction to the Malaysian legal system / |
| Statement of responsibility, etc. | Wu Min Aun. |
| 250 ## - EDITION STATEMENT | |
| Edition statement | 2nd ed. |
| 260 ## - PUBLICATION, DISTRIBUTION, ETC. | |
| Place of publication, distribution, etc. | Kuala Lumpur : |
| Name of publisher, distributor, etc. | Heinemann Educational Books, |
| Date of publication, distribution, etc. | 1978. |
| 300 00 - PHYSICAL DESCRIPTION | |
| Extent | x,138p. ; |
| Dimensions | 22cm |
| 500 ## - GENERAL NOTE | |
| General note | Previous ed.: 1975. |
| 500 ## - GENERAL NOTE | |
| General note | Bibliography: p.132-138. |
| 942 ## - ADDED ENTRY ELEMENTS (KOHA) | |
| Source of classification or shelving scheme | |
| Koha item type | Book |
| Withdrawn status | Lost status | Source of classification or shelving scheme | Damaged status | Not for loan | Collection code | Home library | Current library | Shelving location | Date acquired | Inventory number | Total Checkouts | Full call number | Barcode | Date last seen | Price effective from | Koha item type |
|---|---|---|---|---|---|---|---|---|---|---|---|---|---|---|---|---|
| NON-FICTION | AKMAL Melaka | AKMAL Melaka | PINJAMAN | 12.05.2017 | 300074 | 342.05 AUN | 201705841 | 12.05.2017 | 12.05.2017 | Book |
